[Event "GER-chT U16 Girls"]
[Site "Neumuenster"]
[Date "2022.12.27"]
[Round "1"]
[White "Khoja, Maya"]
[Black "Brewig, Bea Josephine"]
[Result "0-1"]
[WhiteElo "871"]
[BlackElo "1279"]
[PlyCount "60"]
[EventDate "2022.12.26"]
[EventType "team-swiss"]
[EventRounds "7"]
[EventCountry "GER"]
[SourceTitle "CBM 212 Extra"]
[Source "ChessBase"]
[SourceDate "2023.03.31"]
[SourceVersion "1"]
[SourceVersionDate "2023.03.31"]
[SourceQuality "1"]
[WhiteTeam "Paderborn Akademie"]
[BlackTeam "Chemnitz Aufbau"]
[WhiteTeamCountry "GER"]
[BlackTeamCountry "GER"]

1. d4 d5 2. Nf3 c5 3. g3 cxd4 4. Nxd4 e5 5. Nb3 Nc6 6. Bg2 Be6 7. 0-0 Be7 8. Nc3 Nf6 9. Re1 d4 10. Ne4 Nxe4 11. Bxe4 f5 12. Bg2 0-0 13. e3 Qd7 14. exd4 Rad8 15. c3 f4 16. gxf4 exf4 17. Re4 Bd6 18. d5 f3 19. dxe6 Bxh2+ 20. Kxh2 Qxd1 21. e7 Nxe7 22. Rxe7 fxg2 23. Kxg2 Qg4+ 24. Kf1 Rd1+ 25. Re1 Qc4+ 26. Kg2 Rxe1 27. Na5 Qf1+ 28. Kg3 Qxf2+ 29. Kg4 Rg1+ 30. Kh5 Qh2# 0-1

[Event "GER-chT U14 Girls"]
[Site "Willingen"]
[Date "2021.06.27"]
[Round "7.7"]
[White "Khoja, Maya"]
[Black "Derling, Charlotte"]
[Result "0-1"]
[WhiteElo "828"]
[BlackElo "1406"]
[PlyCount "106"]
[EventDate "2021.06.23"]
[EventType "team-swiss"]
[EventRounds "7"]
[EventCountry "GER"]
[SourceTitle "EXT 2022"]
[Source "ChessBase"]
[SourceDate "2021.10.06"]
[SourceVersion "1"]
[SourceVersionDate "2021.10.06"]
[SourceQuality "1"]
[WhiteTeam "Paderborn"]
[BlackTeam "Halle Roter Turm"]
[WhiteTeamCountry "GER"]
[BlackTeamCountry "GER"]

1. d4 d5 2. Nf3 Nf6 3. g3 Bf5 4. Bg2 e6 5. c4 c6 6. c5 Nbd7 7. b4 a5 8. Bd2 axb4 9. Bxb4 b6 10. Qc1 bxc5 11. dxc5 Bxc5 12. Bxc5 Qa5+ 13. Nbd2 Qxc5 14. 0-0 0-0 15. Ne5 Qxc1 16. Rfxc1 Nxe5 17. f4 Ned7 18. Rxc6 h6 19. Nb3 Rfb8 20. Rc3 Ra3 21. h3 Ne4 22. Bxe4 Bxe4 23. Kf1 Rba8 24. Rc7 Rxb3 25. Rxd7 Rb1+ 26. Rxb1 Bxb1 27. g4 Rxa2 28. Rd8+ Kh7 29. Ke1 Ra3 30. h4 Rh3 31. h5 Rh4 32. f5 Rxg4 33. fxe6 fxe6 34. Rd6 Bf5 35. Kf2 Rh4 36. Kf3 Rxh5 37. Kf4 Kg6 38. Ke5 Rh2 39. e3 Rh3 40. e4 dxe4 41. Ra6 e3 42. Ra3 e2 43. Rxh3 Bxh3 44. Kd4 e1Q 45. Kd3 e5 46. Kc4 Qd2 47. Kc5 e4 48. Kc4 e3 49. Kc5 e2 50. Kc4 e1Q 51. Kc5 Qec1+ 52. Kb5 Qdb2+ 53. Ka4 Qca1# 0-1